| 000 | 00677nam a2200217Ia 4500 | ||
|---|---|---|---|
| 003 | GCL | ||
| 008 | 140319s9999 xx 000 0 ara d | ||
| 040 |
_aGCL / _cGCL |
||
| 082 | 0 | 4 |
_a133.8 _bب غ |
| 100 | 1 | _aبراون، جيرى | |
| 245 | 1 | 0 |
_aغرائب التاريخ: احداث غامضة- محاكمات فاصلة / _cبراون، جيرى |
| 700 | 1 | _aهيلى, تيم | |
| 700 | 1 | _aاياد ملحم | |
| 260 |
_a[S.N] : _bدار الحسام للطباعة والنشر ، _c1993 |
||
| 300 | _a184 ص | ||
| 490 | _a | ||
| 650 | 0 | 4 | _aالادب العربى |
| 650 | 0 | 4 | _aالمقالات العربية |
| 650 | 0 | 4 | _aالمجموعات |
| 942 |
_2ddc _cBK |
||
| 999 |
_c55162 _d55162 |
||